000 00768nam0a22002411 4500
001 rc\2753760
005 20250529145816.0
035 _a(NLR Aleph) 006880578
090 _a7042847
_c7042847
100 _a20110915d1939 |||y0rusy50 ca
101 0 _arus
102 _aRU
105 _aa z |||a|
200 1 _aМишкина школа
_e[Стихи]
_e[Для дошкол. возраста]
_fЕ. Устинов
_g[Ил. Е. Ф. Сумеркина]
210 _aКраснодар
_cКраев. кн-во
_d1939
215 _a16 с., без тит. л.
_cил.
_d25 см.
700 1 _aУстинов
_bЕ.
702 1 _aСумеркин
_bЕ.Ф.
_4440
801 0 _aRU
_bNLR
_gpsbo
801 1 _aRU
_bELAR
_2rusmarc
852 _aNLR
_j39-12/306
942 _cBOOK
980 _aNB